Score 0/20 Timer 04:00
2 Plays Today
Population Metro Area % Correct
4,335,391San Francisco-Oakland-Fremont
96.5%
3,439,809Seattle-Tacoma-Bellevue
95.4%
3,095,313San Diego-Carlsbad-San Marcos
93.2%
1,087,873Salt Lake City
88.5%
2,142,508San Antonio-New Braunfels
86.6%
2,149,127Sacramento-Arden-Arcade-Roseville
86.1%
2,787,701St. Louis
84.5%
1,836,911San Jose-Sunnyvale-Santa Clara
76.3%
390,738Salem
72.5%
621,570Springfield
60.5%
Population Metro Area % Correct
436,712Springfield
60.5%
662,577Syracuse
60.3%
563,631Scranton-Wilkes-Barre
50.4%
527,753Spokane
47.2%
423,895Santa Barbara-Santa Maria-Goleta
40.9%
439,811Shreveport-Bossier City
37.8%
685,306Stockton
24.8%
355,576Salisbury
17.5%
483,878Santa Rosa-Petaluma
14.9%
415,057Salinas
13.4%
Remove Ads.
Support Sporcle.
Get the best of Sporcle when you Go Orange. This ad-free experience offers more features, more stats, and more fun while also helping to support Sporcle. Thank you for becoming a member.

You're not logged in!

Compare scores with friends on all Sporcle quizzes.
OR
Log In

Show Comments

Extras

Top Quizzes Today


Score Distribution

Your Account Isn't Verified!

In order to create a playlist on Sporcle, you need to verify the email address you used during registration. Go to your Sporcle Settings to finish the process.

Report this User

Report this user for behavior that violates our Community Guidelines.

Details: